Tiny Hands in Unorganised sector : (Record no. 123083)
[ view plain ]
| 000 -LEADER | |
|---|---|
| fixed length control field | 01096nam a22002657a 4500 |
| 005 - DATE AND TIME OF LATEST TRANSACTION | |
| control field | 20170124105920.0 |
| 010 ## - LIBRARY OF CONGRESS CONTROL NUMBER | |
| LC control number | B-209647 |
| 020 ## - INTERNATIONAL STANDARD BOOK NUMBER | |
| International Standard Book Number | 9788175411746 |
| Terms of availability | 450.00 |
| 035 ## - SYSTEM CONTROL NUMBER | |
| System control number | B-209647 |
| 037 ## - SOURCE OF ACQUISITION | |
| Source of stock number/acquisition | Cen Lib/Ret |
| 040 ## - CATALOGING SOURCE | |
| Original cataloging agency | DPL |
| Language of cataloging | EN |
| 082 ## - DEWEY DECIMAL CLASSIFICATION NUMBER | |
| Classification number | 331.31 |
| Item number | MIS |
| 100 ## - MAIN ENTRY--PERSONAL NAME | |
| Personal name | Mishra,S.N. |
| 9 (RLIN) | 4046 |
| 245 ## - TITLE STATEMENT | |
| Title | Tiny Hands in Unorganised sector : |
| Statement of responsibility, etc | by S.N.Mishra [and] Sweta Mishra |
| Remainder of title | towards elimentation of child labour / |
| 260 ## - PUBLICATION, DISTRIBUTION, ETC. (IMPRINT) | |
| Place of publication, distribution, etc | New Delhi |
| Name of publisher, distributor, etc | Shipra Publications |
| Date of publication, distribution, etc | 2004 |
| 270 ## - ADDRESS | |
| Address | 115-A,Vikas Marg,Shakarpur |
| City | New Delhi |
| Postal code | 110092 |
| 300 ## - PHYSICAL DESCRIPTION | |
| Extent | vii,192p. |
| Dimensions | 23cm(Hb) |
| 500 ## - GENERAL NOTE | |
| General note | Includes bibliographical reference and index |
| 650 ## - SUBJECT ADDED ENTRY--TOPICAL TERM | |
| Topical term or geographic name as entry element | Labour Economics-Child |
| 9 (RLIN) | 69198 |
| 650 ## - SUBJECT ADDED ENTRY--TOPICAL TERM | |
| Topical term or geographic name as entry element | Child Labour -- Government and NGOs concern |
| 9 (RLIN) | 4048 |
| 650 ## - SUBJECT ADDED ENTRY--TOPICAL TERM | |
| Topical term or geographic name as entry element | श्रम अर्थशास्त्र-बाल |
| 9 (RLIN) | 69199 |
| 650 ## - SUBJECT ADDED ENTRY--TOPICAL TERM | |
| Topical term or geographic name as entry element | बाल श्रम - सरकार और गैर सरकारी संगठनों के लिए चिंता का विषय |
| 9 (RLIN) | 4050 |
| 700 ## - ADDED ENTRY--PERSONAL NAME | |
| Personal name | Mishra,Sweta |
| 9 (RLIN) | 18362 |
| 942 ## - ADDED ENTRY ELEMENTS (KOHA) | |
| Source of classification or shelving scheme | Dewey Decimal Classification |
| Koha item type | English Books |
| Classification part | 331.31 |
| Call number suffix | MIS |
| Withdrawn status | Lost status | Damaged status | Not for loan | Home library | Current library | Date acquired | Source of acquisition | Cost, normal purchase price | Total Checkouts | Full call number | Barcode | Date last seen | Copy number | Cost, replacement price | Price effective from | Koha item type |
|---|---|---|---|---|---|---|---|---|---|---|---|---|---|---|---|---|
| Central Library | Central Library | 02/06/2015 | Cen Lib/Ret | 450.00 | 331.31 MIS | B-209647 | 02/06/2015 | 1 | 450.00 | 02/06/2015 | English Books |
